[Event "Malta ol (Men)"]
[Site "La Valetta"]
[Date "1980.??.??"]
[Round "?"]
[White "Haas, Carmi"]
[Black "Olafsson, Helgi"]
[Result "0-1"]
[WhiteElo "2200"]
[BlackElo "2445"]

1.c4 Nf6 2.Nc3 c5 3.Nf3 e6 4.d4 cxd4 5.Nxd4 Bb4 6.g3 O-O 7.Bg2 d5 8.cxd5 Nxd5
9.Bd2 Nxc3 10.bxc3 Be7 11.O-O e5 12.Nc2 Nc6 13.Ne3 Be6 14.c4 Bc5 15.Nd5 f5
16.Rb1 Rf7 17.e3 e4 18.Bc3 Ne7 19.Qc2 Nxd5 20.Rfd1 Rd7 21.cxd5 Rxd5 22.Ba1 Rc8
23.Bf1 Rxd1 24.Rxd1 Qe7 25.Bc4 Bxe3 26.Bxe6+ Qxe6 27.Qb2 Bh6 28.Qxb7 f4 29.Qb3 Qxb3
30.axb3 f3 31.h4 e3 32.fxe3 Bxe3+ 33.Kh2 Rc7 34.Be5 Re7 35.Bf4 Bb6 36.Rf1 Re2+
37.Kh3 f2 38.Kg2 Rb2 39.g4 Rxb3 40.Bg3 Kf7 41.Rd1 Ke6 42.h5 a5 43.Bh4 a4
44.Bd8 Bxd8 45.Rxd8 Rf3 46.Kf1 h6 47.Ra8 Rf4 48.Ra7 Kf6 49.Ra6+ Kf7 50.Ra7+ Kg8
51.Ra6 Kh7 52.Rg6 Rf6  0-1

[Event "NLD-ch"]
[Site "Leeuwarden"]
[Date "1980.??.??"]
[Round "2"]
[White "Van Wijgerden, Cornelis"]
[Black "Langeweg, Kick"]
[Result "1/2-1/2"]
[WhiteElo "2435"]
[BlackElo "2425"]

1.c4 Nf6 2.Nc3 c5 3.Nf3 e6 4.g3 d5 5.cxd5 Nxd5 6.Nxd5 exd5 7.Bg2 Nc6 8.O-O d4
9.e3 Be7 10.exd4 cxd4 11.b3 O-O 12.Bb2 Bf5 13.Qe2 Bf6 14.Qb5 Qd7 15.Rfe1 a6
16.Qb6 Rfc8 17.Rac1 h6 18.Qc5 Re8 19.Rxe8+  1/2-1/2

[Event "DSV-Turnier"]
[Site "Leipzig"]
[Date "1980.??.??"]
[Round "1"]
[White "Gruenberg, Hans Ulrich"]
[Black "Vilela, Jose Luis"]
[Result "1/2-1/2"]
[WhiteElo "2385"]
[BlackElo "2410"]

1.Nf3 c5 2.c4 Nf6 3.Nc3 e6 4.g3 b6 5.Bg2 Bb7 6.O-O Be7 7.b3 O-O 8.Bb2 d5
9.cxd5 Nxd5 10.d4 Nxc3 11.Bxc3 cxd4 12.Bxd4 Nc6 13.Bb2 Rc8 14.Rc1 Bf6 15.Ne5 Bxe5
16.Bxe5 Nxe5 17.Bxb7 Rxc1 18.Qxc1 Qd7 19.Ba6 Rd8 20.Qc3 Ng4 21.Rc1 h6 22.Bd3 Nf6
23.Qc7 Kf8 24.Bb5 Qxc7 25.Rxc7 a5 26.Rb7 Rd6 27.Rb8+ Ke7 28.Rb7+ Kf8 29.f3 Nd5
30.a3 Ne3 31.Bd3 g5 32.Kf2 Nd1+ 33.Ke1 Ne3  1/2-1/2

[Event "Makarczyk mem"]
[Site "Lodz"]
[Date "1980.??.??"]
[Round "1"]
[White "Adamski, Jan"]
[Black "Lukacs, Peter"]
[Result "1/2-1/2"]
[WhiteElo "2410"]
[BlackElo "2405"]

1.c4 Nf6 2.Nc3 c5 3.Nf3 e6 4.g3 d5 5.cxd5 Nxd5 6.Bg2 Nc6 7.O-O Be7 8.d4 O-O
9.Nxd5 exd5 10.dxc5 Bxc5 11.Qc2 Bb6 12.Rd1 h6 13.b3 Re8 14.Bb2 Bg4 15.e3 Rc8
16.Qd2 d4 17.exd4 Bxf3 18.Bxf3 Nxd4 19.Bxd4  1/2-1/2

[Event "Makarczyk mem"]
[Site "Lodz"]
[Date "1980.??.??"]
[Round "5"]
[White "Adamski, Jan"]
[Black "Kharitonov, Andrei Y"]
[Result "0-1"]
[WhiteElo "2410"]
[BlackElo "2435"]

1.c4 c5 2.Nf3 Nf6 3.Nc3 b6 4.e3 e6 5.d4 cxd4 6.exd4 Bb4 7.Bd2 O-O 8.Bd3 Bb7
9.O-O d5 10.cxd5 Bxc3 11.bxc3 Qxd5 12.Re1 Nbd7 13.Bf4 Rac8 14.c4 Qh5 15.a4 Rfd8
16.Be2 Qf5 17.Be3 Bxf3 18.gxf3 Ne5 19.Rc1 Nh5 20.Rc3 Nf4 21.Bf1 Nd5 22.cxd5 Nxf3+
23.Qxf3 Qxf3 24.Rxc8 Rxc8 25.dxe6 fxe6 26.h3 Qf5 27.Bg2 Qa5 28.Ra1 Qc3 29.Rd1 Qb3
30.Ra1 Qc3  0-1

[Event "Lone Pine"]
[Site "Lone Pine"]
[Date "1980.??.??"]
[Round "2"]
[White "Christiansen, Larry Mark"]
[Black "Rind, Bruce"]
[Result "0-1"]
[WhiteElo "2485"]
[BlackElo "2395"]

1.c4 c5 2.Nf3 Nf6 3.Nc3 e6 4.g3 b6 5.Bg2 Bb7 6.O-O a6 7.Re1 Be7 8.e4 d6 9.b3 O-O
10.Bb2 Nbd7 11.d3 Qc7 12.h3 Rab8 13.Rc1 Ba8 14.Nh2 Ne8 15.Ng4 Ne5 16.Ne3 Bf6
17.Qd2 b5 18.f4 Nc6 19.Kh2 Qa5 20.Rcd1 Bd4 21.Nc2 Bf6 22.Ne3 Bd4 23.Ba1 Qc7
24.Rf1 Nf6 25.Nc2 b4 26.Ne2 Bxa1 27.Rxa1 Rfd8 28.Ne3 Nd4 29.Nxd4 cxd4 30.Nc2 Qc5
31.a3 a5 32.axb4 axb4 33.Ra2 h5 34.Rfa1 h4 35.g4 Bc6 36.Ra5 Qb6 37.Ra6 Qc7
38.Nxd4 Bb7 39.Nb5 Qe7 40.Ra7 d5 41.e5 Ne8 42.cxd5 Qc5 43.R1a5 Bxd5 44.Nc7 Qd4
45.Bxd5 Nxc7 46.Rxc7 Rxd5 47.Rxd5 Qxd5 48.Rc5 Qf3 49.Qg2 Qxd3 50.g5 Qxb3
51.Rc7 Qd3 52.Qf2 b3 53.g6 Qg3+  0-1

[Event "Lone Pine"]
[Site "Lone Pine"]
[Date "1980.??.??"]
[Round "2"]
[White "Panno, Oscar"]
[Black "Michaelides, Evan"]
[Result "1/2-1/2"]
[WhiteElo "2540"]
[BlackElo "2280"]

1.Nf3 c5 2.c4 Nf6 3.Nc3 e6 4.g3 b6 5.Bg2 Bb7 6.O-O Be7 7.d4 cxd4 8.Qxd4 d6
9.Rd1 a6 10.b3 Nbd7 11.Bb2 O-O 12.Qe3 Qc7 13.Rac1 Rfe8 14.Nd4 Rac8 15.h3 Bf8
16.g4 Bxg2 17.Kxg2 Qb7+ 18.Qf3 Qxf3+ 19.Kxf3 h6 20.e3 Nc5 21.Rc2 Red8 22.Rcd2 Be7
23.e4 Nfd7 24.Ke3 g5 25.Nf3 Kh7 26.Ne2 Kg6 27.e5 Nxe5 28.Nxe5+ dxe5 29.Rxd8 Rxd8
30.Rxd8 Bxd8 31.Bxe5 Be7 32.Nd4 Nd7 33.Nc6 Nxe5 34.Nxe5+ Kg7 35.Ke4 f6 36.Nc6 Bc5
37.f3 Kf7 38.b4 Bd6 39.a4 Ke8 40.b5 axb5 41.cxb5 Kd7 42.a5 bxa5 43.Nxa5 Kc7
44.Nc4 Bc5 45.Kd3 Bg1 46.Nd2 Kd6 47.Ne4+ Ke5 48.Ng3 Bb6 49.Nh5  1/2-1/2

[Event "Lone Pine"]
[Site "Lone Pine"]
[Date "1980.??.??"]
[Round "3"]
[White "Alburt, Lev O"]
[Black "Gligoric, Svetozar"]
[Result "1-0"]
[WhiteElo "2515"]
[BlackElo "2565"]

1.c4 c5 2.Nf3 Nf6 3.Nc3 e6 4.e4 Nc6 5.d4 cxd4 6.Nxd4 Bb4 7.Nxc6 dxc6 8.Qxd8+ Kxd8
9.e5 Nd7 10.Bf4 Bxc3+ 11.bxc3 b6 12.O-O-O Kc7 13.h4 Ba6 14.Rh3 h6 15.h5 c5
16.Rdd3 Rag8 17.Rdg3 Kd8 18.Rg4 Ke7 19.Rhg3 Kf8 20.Bd3 Nb8 21.Re3 Nc6 22.Bg3 Ne7
23.Bh4 Bb7 24.Bc2 Nf5 25.Bxf5 exf5 26.Rg6 fxg6 27.hxg6 Be4 28.Re1 f4 29.Rxe4 Ke8
30.Rxf4 Rf8 31.Re4 h5 32.e6 Rh6 33.e7 Rf7 34.Bf6 gxf6 35.g3 Rxg6 36.Kd2 f5
37.Rh4 Kxe7 38.Rxh5 Ke6 39.Ke3 a6 40.Rh7 Rg4 41.Rh6+ Ke7 42.Rh4 Rg6 43.Kf4 b5
44.f3 b4 45.cxb4 cxb4 46.Rh7 Kd6 47.Rxf7 Kc5 48.Rxf5+ Kxc4 49.g4 Rd6 50.g5 Rd4+
51.Ke5 Rd2 52.g6 Rxa2 53.g7 Rg2 54.Rf4+ Kc3 55.Rg4 Re2+ 56.Kd5 Re8 57.g8=Q Rxg8
58.Rxg8 b3 59.Ke5  1-0

[Event "Lone Pine"]
[Site "Lone Pine"]
[Date "1980.??.??"]
[Round "5"]
[White "Rind, Bruce"]
[Black "Petursson, Margeir"]
[Result "0-1"]
[WhiteElo "2395"]
[BlackElo "2425"]

1.c4 Nf6 2.Nf3 c5 3.Nc3 e6 4.g3 Nc6 5.Bg2 Be7 6.O-O d5 7.cxd5 Nxd5 8.d4 O-O
9.Nxd5 exd5 10.dxc5 Bxc5 11.a3 Re8 12.b4 Bb6 13.Ra2 Bf5 14.Rd2 Be4 15.Bb2 Qe7
16.Qa1 f6 17.Rfd1 a5 18.b5 Na7 19.a4 Bc5 20.Ne1 Bb4 21.Bxe4 Qxe4 22.Rd4 Qxe2
23.Nd3 Bd2 24.Rxd5 Nc8 25.Rd7 Nb6 26.Ne5 fxe5 27.R1xd2 Qe4 28.Rc7 Rac8 29.Rxc8 Rxc8
30.Qd1 h6 31.Rd8+ Kh7 32.Rxc8 Nxc8 33.Bc3 Nb6 34.Bxa5 Nxa4 35.Qe1 Qd5 36.Bc7 e4
37.Bf4 Nb2 38.Qb1 Nd3 39.Be3 Ne5 40.h4 Nc4 41.Bf4 Na3 42.Qb4 Nxb5 43.Qe7 Nd4
44.Kg2 e3+ 45.Kh3 exf2  0-1

[Event "Lone Pine"]
[Site "Lone Pine"]
[Date "1980.??.??"]
[Round "7"]
[White "Quinteros, Miguel A"]
[Black "Dzindzichashvili, Roman"]
[Result "0-1"]
[WhiteElo "2515"]
[BlackElo "2570"]

1.Nf3 Nf6 2.c4 c5 3.Nc3 b6 4.e4 Bb7 5.e5 Ng8 6.Bd3 Bxf3 7.Qxf3 Nc6 8.Qg3 g6
9.f4 Bg7 10.b3 d6 11.Be4 Rc8 12.Bb2 dxe5 13.Bxc6+ Rxc6 14.fxe5 Bxe5 15.Qf3 Re6
16.O-O-O Nf6 17.Rde1 O-O 18.Re3 Bd4 19.Rxe6 fxe6 20.Qb7 Ng4 21.Re1 Ne5 22.Kc2 Rf2
23.Qe4 Qf8 24.Re2 Rf4 25.Qb7 Qf5+ 26.Ne4 Bxb2 27.Kxb2 Nd3+ 28.Ka3 Nb4 29.Qxa7 Nc2+
30.Ka4 Nd4 31.Re3 Qf8 32.g3 Rf1 33.Nc3 Qd8 34.Nb5 Ra1 35.Nc3 Nc2  0-1

[Event "Lone Pine"]
[Site "Lone Pine"]
[Date "1980.??.??"]
[Round "7"]
[White "Alburt, Lev O"]
[Black "Gheorghiu, Florin"]
[Result "1-0"]
[WhiteElo "2515"]
[BlackElo "2605"]

1.c4 c5 2.Nf3 Nf6 3.Nc3 b6 4.d4 cxd4 5.Nxd4 Bb7 6.f3 d6 7.e4 e6 8.Be2 Be7
9.Be3 O-O 10.O-O a6 11.Qd2 Nbd7 12.Rad1 Rc8 13.Nc2 Qc7 14.Kh1 Ne5 15.Na3 Rfd8
16.Qe1 Re8 17.Qf2 Ned7 18.Rc1 Ba8 19.Rfd1 Qb8 20.Bf1 Bf8 21.Bd4 Rcd8 22.Re1 Rc8
23.Na4 Rc6 24.Rb1 Nc5 25.Nc3 a5 26.Bxf6 gxf6 27.Nab5 Kh8 28.Rbd1 Be7 29.Rd2 Rcc8
30.Red1 Rcd8 31.Qg3 Rg8 32.Qf4 e5 33.Qh4 Rg6 34.Qf2 Bc6 35.Nd5 Bxd5 36.Rxd5 Ne6
37.g3 Rg7 38.R5d3 d5 39.Rxd5 Bc5 40.Rxd8+ Nxd8 41.Qe1 Nc6 42.Rd7 Nd4 43.Qd2 Qe8
44.Bh3 Nxf3 45.Qd5 Rg5 46.Qc6 Qf8 47.Qxf6+ Qg7 48.Qxf3  1-0

[Event "Lone Pine"]
[Site "Lone Pine"]
[Date "1980.??.??"]
[Round "9"]
[White "Frias, Victor J"]
[Black "Michaelides, Evan"]
[Result "1/2-1/2"]
[WhiteElo "2410"]
[BlackElo "2280"]

1.Nf3 c5 2.c4 Nf6 3.Nc3 e6 4.g3 b6 5.Bg2 Bb7 6.O-O d6 7.Re1 Be7 8.e4 O-O
9.d4 cxd4 10.Nxd4 Qc8 11.b3 a6 12.Bb2 Nbd7 13.Rc1 Qc7 14.g4 g6 15.h3 Rad8
16.Qd2 Qb8 17.Qh6 Rfe8 18.Rcd1 Qa8 19.Re2 Nc5 20.f3 e5 21.Nc2 b5 22.Nd5 bxc4
23.Nxe7+ Rxe7 24.bxc4 Na4 25.Ne3  1/2-1/2

[Event "Manchester Benedictine"]
[Site "Manchester"]
[Date "1980.??.??"]
[Round "5"]
[White "Martin, Andrew D"]
[Black "Segal, Alexandru Sorin"]
[Result "1-0"]
[WhiteElo "2315"]
[BlackElo "2415"]

1.Nf3 Nf6 2.c4 c5 3.Nc3 b6 4.e4 d6 5.d4 cxd4 6.Nxd4 Bb7 7.Bd3 e6 8.O-O Be7
9.b3 Nbd7 10.Bc2 a6 11.Bb2 O-O 12.Kh1 Re8 13.f4 Bf8 14.Qe2 e5 15.fxe5 Nxe5
16.Nd5 Nfd7 17.h3 Rc8 18.Qf2 Nc5 19.Rad1 Bxd5 20.exd5 Rc7 21.b4 Ncd7 22.Nc6 Qg5
23.Bxe5 Nxe5 24.Qxb6 Rd7 25.Qd4 Nxc6 26.dxc6 Rc7 27.Be4 Qh4 28.Rf4 Qh5 29.Bd5 Re2
30.Rdf1 Qg6 31.Rxf7  1-0

[Event "New York Inv"]
[Site "New York"]
[Date "1980.??.??"]
[Round "6"]
[White "Zaltsman, Vitaly F"]
[Black "Ermenkov, Evgenij"]
[Result "0-1"]
[WhiteElo "2460"]
[BlackElo "2495"]

1.Nf3 Nf6 2.c4 c5 3.Nc3 e6 4.g3 b6 5.Bg2 Bb7 6.O-O Be7 7.d4 cxd4 8.Qxd4 d6
9.Rd1 a6 10.Ng5 Bxg2 11.Kxg2 O-O 12.b3 Nbd7 13.Bb2 Qb8 14.Nge4 Rd8 15.f3 Ne8
16.Rd2 b5 17.cxb5 d5 18.Nf2 axb5 19.Nd3 Bg5 20.f4 Bf6 21.Qb4 Nd6 22.Nd1 Rc8
23.Bxf6 Nxf6 24.a4 Nfe4 25.Rda2 Qb7 26.axb5 Rxa2 27.Rxa2 d4 28.Kg1 Qxb5 29.Qxb5 Nxb5
30.Kf1 h6 31.Ke1 g5 32.Ra5 Nbd6 33.Ra4 gxf4 34.gxf4 Nf5 35.N1f2 Nc3 36.Ra7 Nd5
37.Ra2 Nfe3 38.Ra4 Rc2 39.Ra8+ Kg7 40.Nd1 Ng2+  0-1

[Event "New York MCC"]
[Site "New York"]
[Date "1980.??.??"]
[Round "11"]
[White "Alburt, Lev O"]
[Black "Kastner, Jeffrey"]
[Result "1-0"]
[WhiteElo "2515"]
[BlackElo "2240"]

1.c4 c5 2.Nf3 Nf6 3.Nc3 e6 4.g3 b6 5.Bg2 Bb7 6.O-O Be7 7.d4 cxd4 8.Qxd4 d6
9.b3 a6 10.Ba3 Nc6 11.Qd3 O-O 12.Rfd1 d5 13.Bxe7 Qxe7 14.cxd5 Nxd5 15.Nxd5 exd5
16.e3 Rfd8 17.Rac1 d4 18.Nxd4 Nxd4 19.exd4 Bxg2 20.Kxg2 Rd5 21.Qc4 Qb7 22.Qc6 Qxc6
23.Rxc6 b5 24.Re1 g6 25.Re4 a5 26.Kf3 Rad8 27.Ke3 R8d7 28.Rc5 f6 29.Rxd5 Rxd5
30.Re6  1-0

[Event "NOR-ch"]
[Site "?"]
[Date "1980.??.??"]
[Round "8"]
[White "Harestad, Thor Geir"]
[Black "Kristiansen, Erling"]
[Result "1/2-1/2"]
[WhiteElo "2240"]
[BlackElo "2355"]

1.Nf3 Nf6 2.c4 c5 3.Nc3 d5 4.cxd5 Nxd5 5.g3 Nc6 6.Bg2 Nc7 7.O-O e5 8.d3 Be7
9.Be3 Be6 10.Ne4 b6 11.Qa4 Qd7 12.a3 f6 13.Nc3 O-O 14.Ng5 b5 15.Qe4 fxg5
16.Qxc6 Rac8 17.Rac1 g4 18.Nd5 Nxd5 19.Qxd7 Bxd7 20.Bxd5+ Kh8 21.Rc2 Bf5
22.Rfc1 Rfd8 23.Be4 Bxe4 24.dxe4 c4 25.Bxa7 Bg5 26.Be3 Bxe3 27.fxe3 Ra8 28.Rf1 g6
29.Rfc1  1/2-1/2

[Event "Rubinstein mem"]
[Site "Polanica Zdroj"]
[Date "1980.??.??"]
[Round "7"]
[White "Plachetka, Jan"]
[Black "Pokojowczyk, Jerzy"]
[Result "0-1"]
[WhiteElo "2480"]
[BlackElo "2380"]

1.c4 Nf6 2.Nc3 e6 3.Nf3 c5 4.g3 b6 5.Bg2 Bb7 6.O-O Be7 7.b3 O-O 8.Bb2 Nc6
9.d4 cxd4 10.Nxd4 a6 11.e4 Qc7 12.Rc1 Nxd4 13.Qxd4 d6 14.Na4 Bd8 15.Ba3 Ne8
16.Rfd1 Bc6 17.Bxd6 Nxd6 18.Qxd6 Qb7 19.Qd4 Bc7 20.Nc3 Rfd8 21.Qe3 Rxd1+
22.Rxd1 b5 23.c5 b4 24.Nd5 Bd8 25.Nb6 Rb8 26.Qd4 Bxb6 27.cxb6 a5 28.Qc5 h6
29.Rd4 e5 30.Rc4 Bd7 31.Qxa5 Qxb6 32.Qxe5 Be6 33.Rc6 Qa7 34.Qc7 Rb7 35.Qd8+ Kh7
36.e5 Rd7 37.Be4+ g6 38.Qf6 Rd1+ 39.Kg2 Qd7 40.h4 Bd5 41.Qf3 Qxc6  0-1

[Event "Rubinstein mem"]
[Site "Polanica Zdroj"]
[Date "1980.??.??"]
[Round "10"]
[White "Spassov, Liuben"]
[Black "Plachetka, Jan"]
[Result "1/2-1/2"]
[WhiteElo "2450"]
[BlackElo "2480"]

1.Nf3 Nf6 2.c4 e6 3.Nc3 c5 4.e3 Nc6 5.d4 d5 6.cxd5 exd5 7.Be2 a6 8.O-O Bd6
9.dxc5 Bxc5 10.b3 O-O 11.Bb2 Ba7 12.Rc1 Re8 13.Na4 Ne4 14.Nd4 Qd6 15.Nxc6 bxc6
16.Qc2 Bd7 17.Bd4 a5 18.Bd3 Bxd4 19.exd4 Qb4 20.Bxe4 dxe4 21.Qc5 Be6 22.Rfe1 f5
23.Qxb4 axb4 24.f4 exf3 25.gxf3 Bd5 26.Kf2 f4 27.Re5 Rxe5 28.dxe5 Kf7 29.Rc2 Ke6
30.Nc5+ Kxe5 31.Nd3+ Kd4 32.Nxb4 g5 33.Nxd5 cxd5 34.Rd2+ Kc5 35.a4 d4 36.Rc2+ Kd5
37.Rc7 Rb8 38.Rd7+ Ke5 39.Re7+ Kd5 40.Rd7+ Ke5 41.Re7+ Kd6 42.Rxh7 Rxb3 43.a5 Ra3
44.a6 Ra2+ 45.Ke1 Kd5 46.a7 Kc4 47.h3 Kd3 48.Re7 Ra1+ 49.Kf2 Kc3 50.Rc7+ Kd2
51.Rd7 d3 52.Rc7 Ra2 53.Rd7 Kc2 54.Rc7+ Kd1+ 55.Kf1 d2 56.Rd7 Ra1 57.Rc7  1/2-1/2

[Event "ARG-ch"]
[Site "Quilmes"]
[Date "1980.??.??"]
[Round "1"]
[White "Rubinetti, Jorge A"]
[Black "Paglilla, Carlos"]
[Result "1/2-1/2"]
[WhiteElo "2445"]
[BlackElo "2300"]

1.c4 c5 2.Nf3 Nf6 3.Nc3 d5 4.cxd5 Nxd5 5.d4 e6 6.e3 Nc6 7.Bd3 cxd4 8.exd4 Be7
9.O-O O-O 10.Re1 a6 11.a3 Nxc3 12.bxc3 b5 13.Qc2 g6 14.Bh6 Re8 15.h4 Ra7
16.h5 Bf8 17.Qd2 Bxh6 18.Qxh6 Qf6 19.a4 bxa4 20.Rxa4 Ne7 21.Ng5 Qg7 22.Qxg7+ Kxg7
23.h6+ Kg8 24.Ne4 Rd8 25.Nf6+ Kh8 26.Ng4  1/2-1/2

[Event "ARG-ch"]
[Site "Quilmes"]
[Date "1980.??.??"]
[Round "7"]
[White "Rubinetti, Jorge A"]
[Black "Szmetan, Jorge"]
[Result "1-0"]
[WhiteElo "2445"]
[BlackElo "2390"]

1.c4 c5 2.Nf3 Nf6 3.Nc3 e6 4.g3 b6 5.Bg2 Bb7 6.O-O Be7 7.d4 cxd4 8.Qxd4 d6
9.b3 O-O 10.Bb2 a6 11.Rfd1 Nbd7 12.Qe3 Qb8 13.Nd4 Bxg2 14.Kxg2 Ne5 15.f3 Qb7
16.Qd2 Rfd8 17.e4 d5 18.exd5 exd5 19.Qe2 Ng6 20.cxd5 Bb4 21.Nc6 Re8 22.Qc4 Bd6
23.Ne4 Nxe4 24.fxe4 Qd7 25.Rf1 h5 26.Rae1 f6 27.Qe2 h4 28.Qh5 Qf7 29.Qf5 Rac8
30.Re2 Rc7 31.Bd4 Rd7 32.Bxb6 Ne5 33.Bd4 Nd3 34.Qg4 Be5 35.Bxe5 Nxe5 36.Nxe5 Rxe5
37.Rc2 Qe7 38.Rc8+ Kf7 39.Rf4 Rc7 40.Rxc7 Qxc7 41.Qxh4 Qc2+ 42.Rf2 Qd3 43.Qf4 Rxe4
44.Qd2 Rd4 45.Qxd3 Rxd3 46.Rc2 Rxd5 47.Kf3 g5 48.Ke4 Rd6 49.b4 Kg6 50.g4 Rd1
51.Rb2 f5+ 52.gxf5+ Kf6 53.Ke3 Kxf5 54.Ke2 Rd8 55.a4 Ke4 56.b5 Rh8 57.Kf1 axb5
58.axb5 Rb8 59.b6 Kd5 60.Kg2 Kc6 61.Kg3 Kb7 62.Kg4 Rg8 63.h3 Rg6 64.Kf5 Rg7
65.Rb5 Rh7 66.Rb3 Rg7 67.Kf6 Rg8 68.Rb5 Rh8 69.Rb2 Rg8 70.Kf5 Rg7 71.Kg4 Rg6
72.Rb5 Rh6 73.Rxg5 Rxb6 74.Rc5 Rg6+ 75.Kh5 Rg8 76.h4 Kb6 77.Rc4 Kb5 78.Rc1 Rh8+
79.Kg5 Rg8+ 80.Kf6 Rh8 81.Rh1 Rf8+ 82.Ke7 Rf2 83.h5 Kc6 84.h6 Re2+ 85.Kf7 Rf2+
86.Kg6 Rg2+ 87.Kh5  1-0

[Event "ARG-ch"]
[Site "Quilmes"]
[Date "1980.??.??"]
[Round "11"]
[White "Debarnot, Roberto"]
[Black "Szmetan, Jorge"]
[Result "1-0"]
[WhiteElo "2430"]
[BlackElo "2390"]

1.Nf3 c5 2.c4 Nf6 3.Nc3 e6 4.e3 Be7 5.d4 O-O 6.dxc5 Na6 7.Qc2 Nxc5 8.b4 Na6
9.a3 b6 10.Bb2 Bb7 11.Rd1 d6 12.Be2 Nb8 13.O-O Nbd7 14.e4 Qb8 15.Rfe1 a6
16.Bf1 Qc7 17.Qc1 Ng4 18.Nb1 Rfc8 19.h3 Nge5 20.Nbd2 a5 21.Nxe5 Nxe5 22.Qc3 axb4
23.axb4 Bf6 24.Qb3 Qe7 25.Bd4 Nd7 26.Nf3 Bxd4 27.Nxd4 Nf6 28.f3 Ne8 29.Rd2 Qg5
30.Red1 Ra1 31.Nb5 Bc6 32.Nxd6 Nxd6 33.h4 Qf4 34.Rxd6 h6 35.Rxc6  1-0

[Event "Reggio Emilia8081"]
[Site "Reggio Emilia"]
[Date "1980.??.??"]
[Round "1"]
[White "Trois, Francisco RT"]
[Black "Minic, Dragoljub"]
[Result "1/2-1/2"]
[WhiteElo "2395"]
[BlackElo "2405"]

1.Nf3 c5 2.c4 Nf6 3.Nc3 d5 4.cxd5 Nxd5 5.d4 cxd4 6.Qxd4 Nxc3 7.Qxc3 Nc6 8.e4 e6
9.Bb5 Bd7 10.O-O Qb6 11.a4 Qc5 12.Bd2 Qxc3 13.Bxc3 a6  1/2-1/2

[Event "Reggio Emilia8081"]
[Site "Reggio Emilia"]
[Date "1980.??.??"]
[Round "8"]
[White "De Eccher, Stefano"]
[Black "Renman, Nils Gustaf"]
[Result "0-1"]
[WhiteElo "2285"]
[BlackElo "2425"]

1.c4 Nf6 2.Nc3 c5 3.Nf3 e6 4.g3 b6 5.Bg2 Bb7 6.O-O Be7 7.b3 O-O 8.Bb2 Nc6
9.d4 Nxd4 10.Nxd4 Bxg2 11.Kxg2 cxd4 12.Qxd4 Qc7 13.Rfd1 Rfd8 14.e4 d6 15.Rd2 a6
16.a4 Bf8 17.Ba3 Qb7 18.f3 Nd7 19.Rb1 Ne5 20.Rbd1 Nc6 21.Qe3 Na5 22.Ne2 Qc7
23.h4 Nb7 24.Nf4 b5 25.Rc1 bxa4 26.b4 Rdc8 27.Ne2 Nd8 28.h5 h6 29.Qc3 Nc6
30.f4 Qb7 31.Nd4 Be7 32.Nxc6 Rxc6 33.Qf3 Rac8 34.Rdc2 R8c7 35.Kh2 Bf6 36.Qd3 Qc8
37.Qe2 Bd4 38.Qd3 e5 39.f5 Kh7 40.Qe2 Qd8 41.Rf1 d5 42.c5 dxe4 43.Qxe4 Qg5
44.g4 Qe3 45.Qxe3 Bxe3 46.Rd1 Bd4 47.Kg2 Rb7 48.Rb1 Rcc7 49.Rcc1 e4 50.Rc4 Bxc5
51.Rxe4 Bd6  0-1

[Event "Reykjavik"]
[Site "Reykjavik"]
[Date "1980.??.??"]
[Round "?"]
[White "Helmers, Knut J"]
[Black "Petursson, Margeir"]
[Result "0-1"]
[WhiteElo "2405"]
[BlackElo "2425"]

1.c4 c5 2.Nf3 e6 3.Nc3 Nf6 4.e3 d5 5.cxd5 exd5 6.d4 Nc6 7.Be2 Be7 8.O-O O-O
9.dxc5 Bxc5 10.b3 a6 11.Bb2 Qd6 12.Rc1 Ba7 13.Re1 Re8 14.Nb1 Ne4 15.Nbd2 Qh6
16.Nxe4 dxe4 17.Nd2 Bf5 18.Bc3 Rac8 19.Qc2 Nd4 20.exd4 Bxd4 21.Bc4 Bxf2+
22.Kh1 Bxe1 23.Rxe1 b5  0-1

[Event "URS-ch U26"]
[Site "Riga"]
[Date "1980.??.??"]
[Round "?"]
[White "Zaichik, Gennadi"]
[Black "Magerramov, Elmar"]
[Result "1-0"]
[WhiteElo "2425"]
[BlackElo "2435"]

1.c4 c5 2.Nc3 Nf6 3.Nf3 e6 4.e3 Nc6 5.d4 d5 6.cxd5 exd5 7.Be2 cxd4 8.Nxd4 Bd6
9.O-O O-O 10.b3 Be5 11.Nxc6 bxc6 12.Bb2 Re8 13.Rc1 Qd6 14.g3 Bh3 15.Re1 Rad8
16.Bf3 c5 17.Nb5 Qb6 18.Bxe5 Rxe5 19.Nc3 d4 20.exd4 Rxe1+ 21.Qxe1 cxd4 22.Na4 Qd6
23.Nc5 Re8 24.Qd2 h5 25.b4 Ng4 26.Ne4 Qe5 27.Rc5 Qe6 28.Rc1 Qf5 29.Ng5 Ne5
30.Bd5 Rd8 31.Bh1 Bg4 32.f3 Qd3 33.Qf4 Qe2 34.fxg4 d3 35.Bf3 Nxf3+ 36.Qxf3 f6
37.Qd5+  1-0

[Event "URS-ch U26"]
[Site "Riga"]
[Date "1980.??.??"]
[Round "?"]
[White "Chekhov, Valery A"]
[Black "Kharitonov, Andrei Y"]
[Result "1-0"]
[WhiteElo "2410"]
[BlackElo "2435"]

1.c4 c5 2.Nf3 Nf6 3.Nc3 d5 4.cxd5 Nxd5 5.e4 Nb4 6.Bc4 Be6 7.Bxe6 Nd3+ 8.Kf1 fxe6
9.Ng5 Qb6 10.Qa4+ Nd7 11.Qc4 N7e5 12.Qxe6 Qxe6 13.Nxe6 Rc8 14.f4 Kd7 15.Nxc5+ Rxc5
16.fxe5 Rxe5 17.Ke2 Nf4+ 18.Kf2 Nd3+ 19.Ke3 Nb4 20.d4 Ra5 21.Rb1 e5 22.d5 Bc5+
23.Ke2 Nxa2 24.Bd2 Nxc3+ 25.Bxc3 Ra4 26.Kd3 Bd6 27.Rhf1 Re8 28.Rf7+ Re7 29.Rbf1 b5
30.Rf8 Ra2 31.Ra8 Kc7 32.Rff8 b4 33.Rac8+ Kb7 34.Bxb4 Bxb4 35.Rb8+ Ka6 36.Rxb4 Ra1
37.Rf2 Ka5 38.Rb3 Ka4 39.Rb8 Rc7 40.Rd2 Re1 41.Re8  1-0

[Event "URS-ch U26"]
[Site "Riga"]
[Date "1980.??.??"]
[Round "?"]
[White "Eingorn, Vereslav S"]
[Black "Psakhis, Lev"]
[Result "1-0"]
[WhiteElo "2470"]
[BlackElo "2535"]

1.Nf3 Nf6 2.c4 c5 3.Nc3 b6 4.e3 e6 5.d4 cxd4 6.exd4 Bb7 7.Bd3 d6 8.O-O Be7
9.d5 e5 10.Ng5 Nbd7 11.f4 a6 12.Qe2 Qc7 13.Kh1 h5 14.Bd2 h4 15.Rae1 g6 16.f5 gxf5
17.Rxf5 h3 18.g3 b5 19.b3 Nc5 20.Ref1 Qd8 21.Nge4 Nfxe4 22.Nxe4 bxc4 23.bxc4 Nxe4
24.Bxe4 f6 25.Rh5  1-0

[Event "URS-ch U26"]
[Site "Riga"]
[Date "1980.??.??"]
[Round "?"]
[White "Magerramov, Elmar"]
[Black "Yurtaev, Leonid"]
[Result "1-0"]
[WhiteElo "2435"]
[BlackElo "2365"]

1.Nf3 c5 2.c4 Nf6 3.Nc3 e6 4.g3 Nc6 5.Bg2 Be7 6.O-O O-O 7.d4 d5 8.cxd5 Nxd5
9.e4 Ndb4 10.d5 Nd4 11.a3 Nbc2 12.Nxd4 Nxd4 13.b4 e5 14.Be3 Bd7 15.Rb1 b6
16.f4 Bd6 17.Kh1 f6 18.Qd3 a6 19.bxc5 bxc5 20.a4 Qa5 21.Rb7 Rfd8 22.Bd2 Bxa4
23.fxe5 Bxe5 24.Qc4 Bd7 25.Nb1 Qa4 26.Qxc5 Rab8 27.Rxb8 Rxb8 28.Bf4 Qb4 29.Qa7 Qb7
30.Qc5 Qxb1 31.Bxe5 fxe5 32.Qe7 Bg4 33.h3 h6 34.hxg4 Qb2 35.Qxe5 Ne2 36.Qxb2 Nxg3+
37.Kg1 Rxb2 38.Rf2 Rb3 39.Ra2 h5 40.gxh5 Nxh5 41.e5 Nf4 42.d6 Nxg2  1-0

[Event "URS-ch U26"]
[Site "Riga"]
[Date "1980.??.??"]
[Round "?"]
[White "Gavrikov, Viktor"]
[Black "Zaichik, Gennadi"]
[Result "0-1"]
[WhiteElo "2365"]
[BlackElo "2425"]

1.c4 Nf6 2.Nc3 e6 3.Nf3 c5 4.e3 d5 5.cxd5 exd5 6.d4 Nc6 7.Be2 cxd4 8.Nxd4 Bd6
9.O-O O-O 10.b3 a6 11.Bb2 Bc7 12.Rc1 Qd6 13.g3 Bh3 14.Re1 Rfe8 15.Nxc6 bxc6
16.Na4 Ba5 17.Bc3 Bxc3 18.Nxc3 Re5 19.Na4 Ne4 20.Qd4 Rg5 21.f4 Rxg3+ 22.hxg3 Qg6
23.g4 Bxg4 24.Rxc6 Be6+ 25.Kh1 Qg3 26.Rf1 Bh3 27.Bf3 Bxf1 28.Bxe4 dxe4 29.Rc2 Qf3+
30.Kg1 Be2 31.Qd2 Qg3+  0-1

[Event "URS-ch U26"]
[Site "Riga"]
[Date "1980.??.??"]
[Round "?"]
[White "Kharitonov, Andrei Y"]
[Black "Magerramov, Elmar"]
[Result "1/2-1/2"]
[WhiteElo "2435"]
[BlackElo "2435"]

1.Nf3 Nf6 2.c4 c5 3.Nc3 e6 4.e3 Nc6 5.d4 d5 6.cxd5 exd5 7.Be2 cxd4 8.Nxd4 Bd6
9.Nf3 O-O 10.O-O Re8 11.Qa4 Bg4 12.Rd1 Ne4 13.h3 Nxc3 14.bxc3 Bf5 15.Ba3 Bxa3
16.Qxa3 Be4 17.c4 Qf6 18.cxd5 Bxd5 19.Rac1 Rad8 20.Rc2 Be4 21.Rcd2 Rxd2 22.Nxd2 Bd5
23.Nf3 Rd8 24.Qa4 g6 25.Nd4 a6 26.Bxa6 Ra8 27.Qb5 Bxg2 28.Qxb7 Nxd4 29.Kxg2 Rxa6
30.Rxd4 Rxa2 31.Qc8+ Kg7 32.Rf4 Qg5+ 33.Qg4 Qd5+ 34.Qf3 Qxf3+  1/2-1/2

[Event "Rome"]
[Site "Rome"]
[Date "1980.??.??"]
[Round "4"]
[White "Robatsch, Karl"]
[Black "Makropoulos, Georgios"]
[Result "0-1"]
[WhiteElo "2440"]
[BlackElo "2445"]

1.c4 c5 2.Nf3 Nf6 3.Nc3 e6 4.g3 b6 5.Bg2 Bb7 6.O-O d6 7.d4 cxd4 8.Qxd4 a6
9.Rd1 Nbd7 10.Ng5 Bxg2 11.Kxg2 Rc8 12.Nge4 Rc6 13.Bf4 Nxe4 14.Nxe4 e5 15.Qd5 Qc7
16.Bd2 Be7 17.Bb4 O-O 18.b3 h6 19.Rd2 Nc5 20.Bxc5 bxc5 21.Rad1 Kh8 22.Nc3 f5
23.Qf3 e4 24.Qh5 Kh7 25.e3 Qd7 26.Nd5 g6 27.Qe2 Bf6 28.Nxf6+ Rxf6 29.Rd5 a5
30.Qb2 Re6 31.Re5 Qg7  0-1

[Event "Rostov"]
[Site "Rostov"]
[Date "1980.??.??"]
[Round "?"]
[White "Ubilava, Elizbar"]
[Black "Gavrikov, Viktor"]
[Result "1/2-1/2"]
[WhiteElo "2430"]
[BlackElo "2365"]

1.Nf3 Nf6 2.c4 c5 3.Nc3 e6 4.g3 b6 5.Bg2 Bb7 6.O-O Be7 7.d4 cxd4 8.Qxd4 d6
9.b3 O-O 10.Bb2 a6 11.Rfd1 Nbd7 12.Ng5 Bxg2 13.Kxg2 Qb8 14.Nge4 Rd8 15.f3 b5
16.cxb5 d5 17.Nxf6+ Bxf6 18.Qb4 Rc8 19.b6 Nxb6 20.Rac1 Nc4 21.Qxb8 Raxb8
22.bxc4 Rxb2 23.Kf1 Rxc4 24.Ne4 Rxc1 25.Rxc1 Be7 26.Rc8+ Bf8 27.Nf2 Rxa2
28.Nd3 g5 29.f4 gxf4 30.Nxf4 d4 31.Nh5 d3 32.exd3 Rxh2 33.g4 f5 34.Rc7 Bb4
35.Nf6+ Kh8 36.Nh5 Kg8 37.Nf6+ Kh8 38.Nh5 Bf8 39.Rc8 Kg8 40.Rc7 fxg4 41.Nf6+ Kh8
42.Nxg4 Rh5 43.Ke2 a5 44.Ra7 Bb4 45.d4 Rf5 46.Ne5 Kg8 47.Ra6 h5 48.Rxe6 Kh7
49.Ke3 h4 50.Ng4 Kg7 51.Ke4 Rg5 52.Kf3 a4 53.Rb6 Be7 54.Rb7 Kf8 55.Rb8+ Kf7
56.Ne5+ Kf6 57.Kf4 Rf5+ 58.Kg4 Ke6 59.Rb6+ Bd6 60.Ra6 a3 61.Nc4 Rf4+ 62.Kh3  1/2-1/2